Marketingová stratégia Slovenskej agentúry pre cestovný ruch na obdobie rokov 2001-2006
Rozvoj cestovného ruchu na Slovensku v období rokov 1950-1998. Trendy rozvoja cestovného ruchu do roku 2020. Ciele stratégie marketingu a štátnej propagácie. Základná teritoriálna orientácia cestovného ruchu Slovenska. Aktívny zahraničný cestovný ruch. Vybnrané forma pôsobenia na zahraničných trhoch...
Saved in:
| Main Author: | |
|---|---|
| Format: | Book Chapter |
| Language: | Slovak |
| Subjects: | |
| Tags: |
No Tags, Be the first to tag this record!
|
MARC
| LEADER | 00000naa$a2200000$$$4500 | ||
|---|---|---|---|
| 001 | 0011659 | ||
| 005 | 20221128112622.9 | ||
| 041 | 0 | |a slo | |
| 044 | |a SK | ||
| 245 | 1 | 0 | |a Marketingová stratégia Slovenskej agentúry pre cestovný ruch na obdobie rokov 2001-2006 |c aut. Ivana Magátová |
| 520 | |a Rozvoj cestovného ruchu na Slovensku v období rokov 1950-1998. Trendy rozvoja cestovného ruchu do roku 2020. Ciele stratégie marketingu a štátnej propagácie. Základná teritoriálna orientácia cestovného ruchu Slovenska. Aktívny zahraničný cestovný ruch. Vybnrané forma pôsobenia na zahraničných trhoch. Zahraničné zastúpenia a medzinárodná spolupráca. Stratégia ponúk Slovenska na cieľových trhoch. Zameranie aktivít a základné ciele na domácom trhu. | ||
| 610 | 2 | 0 | |a ruch cestovný |
| 610 | 2 | 0 | |a ruch cestovný aktívny |
| 610 | 2 | 0 | |a ruch cestovný domáci |
| 610 | 2 | 0 | |a ruch cestovný zahraničný |
| 610 | 2 | 0 | |a stratégia marketingová |
| 610 | 2 | 0 | |a Slovensko |
| 610 | 2 | 0 | |a 2001-2006 |
| 610 | 2 | 0 | |a Slovenská agentúra pre cestovný ruch |
| 610 | 2 | 0 | |a propagácia |
| 610 | 2 | 0 | |a trh zahraničný |
| 610 | 2 | 0 | |a organizácie medzinárodné |
| 100 | 1 | |a Magátová, Ivana | |